000 00365nam a2200133Ia 4500
003 GCL
008 140319s9999 xx 000 0 ara d
040 _aGCL /
_cGCL
082 0 4 _a621.31
_bو د
100 1 _aداريفز
245 1 0 _aدليل ينوتو الكهربائى /
_cداريفز
260 _a[S.N] :
_bالدار العربية للعلوم
490 _a
999 _c42230
_d42230